LITERATURA ESPAÑOLA, TABLAS HISTORICAS /

INCLUYE BIBLIOGRAFIA

Shranjeno v:
Bibliografske podrobnosti
Glavni avtor: Abreu Gómez, Ermilo (autor)
Format: Knjiga
Teme:
Oznake: Označite
Brez oznak, prvi označite!

MARC

LEADER 00000nam^a2200000^a^4500
001 000234395
005 20250521000000.0
009 20260310104724.021
035 |a 057745 
037 |a Acervo Xavier Clavigero 
082 |a 860. 09  |b ABR 
100 |a Abreu Gómez, Ermilo  |e (autor) 
245 1 0 |a LITERATURA ESPAÑOLA, TABLAS HISTORICAS /  |c E. ABREU GOMEZ 
264 |a MEXICO :  |b ANTIGUA LIBRERIA,  |c 1937 
300 |a 153 p. 
336 |a texto  |b txt  |2 rdacontenido 
337 |a sin mediación  |b n  |2 rdamedio 
338 |a volumen  |b nc  |2 rdasoporte 
520 |a INCLUYE BIBLIOGRAFIA 
649 |a XX 
650 |a Literatura Española -  |x Historia y Crítica 
910 |a Fondo General 
920 |a Impresos - Libros 
930 |a Colección General 
940 |a Literatura 
905 |a 101 
901 |a 057745  |b IT1  |c LIT  |i 057745  |u 20250521 
902 |a https://opac.biblio.iteso.mx/vufind/Record/000234395